| 000 | 00308 a2200133 4500 | ||
|---|---|---|---|
| 999 |
_c321278 _d321278 |
||
| 001 | 86205 | ||
| 003 | NUST | ||
| 005 | 20180122093248.0 | ||
| 008 | 180122b xxu||||| |||| 00| 0 eng d | ||
| 020 | _a0446516325 | ||
| 082 | _a813.54 BRO | ||
| 100 |
_aSandra Brown _99428 |
||
| 245 |
_aFat Tuesday _cSandra Brown |
||
| 260 |
_aNew York _bWarner Books _c1997 |
||
| 300 | _a350p. | ||
| 942 |
_aCAE NUST _cBK _k813.54 BRO _2ddc |
||